00964nam a2200193Ia 4500008004100000020001500041041001200056082001600068100001500084245006000099260003900159300000800198650001600206942000700222999001500229952017100244952017100415952018400586221030s9999 xx 000 0 und d a8129700832 aEnglish a105.23bJai aA. K. Jain 0aFundamentals of Digital Image Processingcby A. K. Jain bPearson EducaitonaNew Delhic2005 a586 aBE Computer cBK c4727d4727 pBE 7753g225.00l0o105.23 Jair2024-06-13 00:00:00w2022-10-30yBK003Print4070aMIETLIBbMIETLIBcBL-Academic Block C, FL-2, CUP-50, SH-5, R-5d2005-09-2110HBE pBE 7755g225.00l0o105.23 Jair2024-06-13 00:00:00w2022-10-30yBK003Print4070aMIETLIBbMIETLIBcBL-Academic Block C, FL-2, CUP-50, SH-5, R-5d2005-09-2110HBE pBE 7756g225.00l1o105.23 Jaiq2023-07-25r2023-04-19 00:00:00s2023-04-19w2022-10-30yBK003Print4070aMIETLIBbMIETLIBcBL-First, FL-1, CUP-91, SH-5, R-5d2005-09-2110HBE